Who's that Pokemon? (by pokedex description) - Statistics

General Stats
  • This quiz has been taken 203 times
  • The average score is 14 of 25
Answer Stats
Description Pokemon % Correct
This pokemon can be seen napping in bright sunlight. There is a seed on its back. By soaking up the sun's rays the seed grows progressiely larger. Bulbasaur
96%
This pokemon is said to possess the genetic composition of all pokemon It is capable of making itself invisibleat will, so it enirely avoids notice even if it approaches people. Mew
92%
Whenever this pokemon comes across something new, it blasts it with jolt of electricity. If you come across blackened berry, it's evidence that this pokemon mistookthe intensityof its charge. Pikachu
80%
This is a legendary bird Pokémon that has the ability to control electricity. It usually lives in thunderclouds. The Pokémon gains power if it is stricken by lightning bolts. Zapdos
79%
This pokemon releases a foul fragrance from the pistil of its flower. When faced with danger, the stench worsens. If this Pokémon is feeling calm and secure, it does not release its usual stinky aroma. Versions: Gloom
75%
This pokemon rearranges its cell structure to transform itself into other shapes. However, if it tries to transform itself into something by relying on its memory, this Pokémon manages to get details wrong. Ditto
66%
If you come across a kid of this pokemon playing by itself, you must never disturb it or attempt to catch it. The baby Pokémon's parent is sure to be in the area, and it will become violently enraged at you. Kangaskhan
66%
This pokemon has water spouts that protrude from its shell. The water spouts are very accurate. They can shoot bullets of water with enough accuracy to strike empty cans from a distance of over 160 feet. Blastoise
63%
This pokemon's typical day consists of nothing more than eating and sleeping. It is such a docile Pokémon that there are children who use its expansive belly as a place to play. Snorlax
63%
This pokemon sleeps for eighteen hours a day. However, it can sense the presence of foes even while it is sleeping. In such a situation, this Pokémon immediately teleports to safety. Abra
61%
This pokemon is said to possess the spirit of a boxer who had been working toward a world championship. This Pokémon has an indomitable spirit and will never give up in the face of adversity. Hitmonchan
61%
This pokemon's sludgy and rubbery body can be forced through any opening, however small it may be. This Pokémon enters sewer pipes to drink filthy wastewater. Grimer
57%
This pokemon has the power to hurl anything aside. However, trying to do any work requiring care and dexterity causes its arms to get tangled. This Pokémon tends to leap into action before it thinks. Machamp
57%
This pokemon is capable of reverting itself entirely back to program data and entering cyberspace. This Pokémon is copy protected so it cannot be duplicated by copying. Porygon
56%
Sometimes, on a dark night, your shadow thrown by a streetlight will suddenly and startlingly overtake you. It is actually this pokemon running past you, pretending to be your shadow. Gengar
55%
This pokemon's legs freely contract and stretch. Using these springlike legs, it bowls over foes with devastating kicks. After battle, it rubs down its legs and loosens the muscles to overcome fatigue. Hitmonlee
54%
This pokemon attaches itself to power lines to feed on electricity. If your house has a power outage, check your circuit breakers. You may find a large number of this Pokémon clinging to the breaker box. Magnemite
47%
This pokemon lays nutritionally excellent eggs on an everyday basis. The eggs are so delicious, they are easily and eagerly devoured by even those people who have lost their appetite. Chansey
46%
This pokemon's brain continually grows, making its head far too heavy to support with its neck. This Pokémon holds its head up using its psychokinetic power instead. Alakazam
45%
The shell covering this Pokémon's body is as hard as an iron slab. This pokemon does not move very much. It stays still because it is preparing its soft innards for evolution inside the hard shell. Metapod
40%
This pokemon underwent a spontaneous mutation and grew fins and gills that allow it to live underwater. This Pokémon has the ability to freely control water. Vaporeon
35%
This pokemon stores an enormous amount of energy inside its body. It is said to alter weather conditions in its vicinity by discharging energy from the crystals on its neck and tail. Dragonair
34%
When his pre-evolution evolves into him its brain cells undergo a structural transformation. It is said that this transformation is to blame for this Pokémon's wildly violent nature. Gyarados
32%
This pokemon uses a mysterious power. When it does so, this Pokémon generates brain waves that are supposedly only seen in sleepers. This discovery spurred controversy among scholars. Psyduck
25%
This pokemon has a large hook on its rear end. At night, the Pokémon hooks on to a tree branch and goes to sleep. If it moves around in its sleep, it may wake up to find itself on the ground. Weepinbell
19%
No matching quizzes found
Score Distribution
Percent of People with Each Score
Percentile by Number Answered
Your Score History
You have not taken this quiz